Представление документа в формате RUSMARC

ПолеНазваниеЗначение
  Тип записи a
  Библиографический уровень m
001 Контрольный номер SKBR/2ddd2fc2-bd5b-4f76-b229-cf79cbe79693
005 Дата корректировки 20260624141616.2
010 Индекс ISBN __
a ISBN 978-5-17-177168-3
9 Тираж 2000 экз.
b Уточнения в пер.
d Цена 928-00
035 Другие системные номера __
a Идентификатор записи RU\NLR\BIBL_A\022636515
100 Данные общей обработки __
a Данные общей обработки 20260527d2025 m y0rusa028902 ca
101 Язык документа 0_
a Язык текста rus
102 Страна публикации __
a Страна публикации RU
105 Кодированные данные (монография) __
a Кодированные данные (монография) y z 000yy
181 Поле кодированных данных: вид содержания _0
a Код вида содержания (ISBD) i
182 Поле кодированных данных: тип средства _0
a Код типа средства (ISBD) n
200 Заглавие и сведения об ответственности 1_
a Заглавие Мышление и речь
e Сведения, относящиеся к заглавию влияние экспериментальной психологии в разговорах
f Первые сведения об ответственности Лев Выготский
203 Вид содержания и тип средства __
a Вид содержания Текст
c Тип средства непосредственный
210 Выходные данные 1_
a Место издания Москва
c Издательство АСТ
c Издательство Времена
d Дата издания 2025
215 Физическое описание __
a Объем 573, [1] с.
d Формат 21 см
225 Серия 1_
a Серия Нонфикшн Рунета
320 Библиография __
a Библиография Библиография в конце книги (41 название)
330 Аннотация __
a Аннотация "Мышление и речь" Льва Выготского – фундаментальное исследование, которое изменило представление о развитии человеческого сознания. Эта книга, ставшая итогом десятилетней работы выдающегося психолога, является не просто научным трудом, а настоящим открытием о взаимосвязи мысли и слова, о том, как язык формирует наше восприятие мира и как мышление влияет на нашу речь. Выготский исследует сложные и запутанные механизмы становления сознания ребенка, показывая, что мышление и речь развиваются не параллельно, а в тесном взаимодействии, оказывая друг на друга непрерывное влияние. Он раскрывает секреты формирования внутренних речевых процессов, объясняет, как слово становится инструментом мышления, и как культура опосредует все психические функции. Эта работа – не просто классика психолингвистики, но и путеводитель по лабиринтам человеческого разума. Она открывает новые горизонты для понимания процессов обучения, развития речи и когнитивных способностей.
333 Примечание о целевом назначении __
a Примечание о целевом назначении 12+. Для детей старше 12 лет
540 Дополнительное заглавие, сделанное каталогизатором 10
a Дополнительное заглавие, сделанное каталогизатором Влияние экспериментальной психологии в разговорах
606 Тематические рубрики __
2 Код системы nlr_sh
a Основная рубрика Психология
606 Тематические рубрики __
2 Код системы nlr_sh
a Основная рубрика Психические процессы и состояния
610 Ключевые слова 0_
a Ключевые слова мышление
610 Ключевые слова 0_
a Ключевые слова речь
610 Ключевые слова 0_
a Ключевые слова высшие психические процессы
610 Ключевые слова 0_
a Ключевые слова психология личности
610 Ключевые слова 0_
a Ключевые слова психические процессы
610 Ключевые слова 0_
a Ключевые слова психолингвистика
610 Ключевые слова 0_
a Ключевые слова язык и мышление
610 Ключевые слова 0_
a Ключевые слова мышление и язык
610 Ключевые слова 0_
a Ключевые слова психологические исследования
686 Индексы других классификаций __
a Классификационный индекс 88.251.3
2 Код системы rubbks
700 Автор _1
a Фамилия Выготский
b Имя Л. С.
f Даты 1896-1934
g Полное личное имя Лев Семенович
4 Код отношения 070
801 Источник записи _0
a Страна RU
b Организация NLR
c Дата составления 20251003
g Правила каталогизации PSBO
801 Источник записи _1
a Страна RU
b Организация NLR
c Дата составления 20251003
g Правила каталогизации PSBO
801 Источник записи _2
a Страна RU
b Организация NLR
c Дата составления 20260102
2 Код формата rusmarc
g Правила каталогизации PSBO
852 Данные о местонахождении __
i Авторский знак В 92
j Шифр хранения 88.251.3
900 Макрообъекты __
a Макрообъекты Мышление и речь. Выготский, Л. С., 2025
901 Тип документа __
a Ответственный КиК/Обаева
t Тип документа m
901 Тип документа __
a Ответственный 7 партия
903 Характеристики (МАРС) __
a Дата передачи 20260527
c Наименование библиотеки (МАРС) Муниципальное бюджетное учреждение культуры "Централизованная библиотечная система" г. Сургут (Центральная городская библиотека им. А. С. Пушкина)
969 Тип издания __
a Тип издания Ф 26
a Тип издания научно-популярное издание
990 Данные о заказе (DOS) __
j Количество экземпляров (DOS) 1
t N записи в КСУ для И/У (DOS) 202607